| 000 | 00743nam a2200217 a 4500 | ||
|---|---|---|---|
| 003 | DO-SdBNP | ||
| 005 | 20230222113638.0 | ||
| 007 | ta | ||
| 008 | 181212s1997 000 spa d | ||
| 040 |
_aDO-SdBNP _cBNPHU _bspa |
||
| 082 | 4 | _222 | |
| 100 | 1 |
_aMurray, Gerald F. _922540 |
|
| 245 | 3 |
_aEl taller : _bun estudio antropológico del uso y reparación de automóviles en la República Dominicana / _cGerald F. Murray ; edición Jeannette Canals |
|
| 260 |
_aSanto Domingo : _bFONDOMICRO, _c1997. |
||
| 300 |
_a325 p. ; _c23 cm. |
||
| 500 | _aIncluye referencias bibliográficas y notas al pie de las páginas | ||
| 590 | _aInventariado, 2023/BT | ||
| 700 | 1 |
_aCanals, Jeannette _eed. _910203 |
|
| 910 | _aBtavárez | ||
| 942 |
_2ddc _cLBS1 |
||
| 999 |
_c47776 _d47776 |
||